000 00444 a2200157 4500
005 20250318075134.0
020 _a0-02-308641-6
082 _a658.74 BER
100 _aBERMAN, B.
245 _aRetail Management: A Strategic Approach
250 _a4th Ed.
260 _aNew York,
_bMacmillan Publishing Company,
_c1989.
300 _axxiv, 679p.: ill.; figure, picture, table
_bGlossary, Index
_c25cm.
700 _aEVANS, J. R.
942 _2ddc
_cBKS
999 _c848
_d848